Meet the Mukherjees /

Bibliographic Details
Main Author: Gupta, Tanika
Format: Book
Language:English
Published: London : Oberon Books, 2008.
Series:Oberon modern plays.

MARC

Tag First Indicator Second Indicator Subfields
LEADER 00000cam a2200000 a 4500
001 in00002467229
005 20151111041903.0
008 080725s2008 enk 000 d eng d
020 |a 1840028610 
020 |a 9781840028614 
035 |a (OCoLC)ocn236113041 
040 |a BWK  |c BWK  |d CDX  |d WTU  |d TXA  |d UtOrBLW 
049 |a TXAM 
082 0 |a 820.8009 
090 |a PR6057.U6  |b M44 2008 
100 1 |a Gupta, Tanika. 
245 1 0 |a Meet the Mukherjees /  |c Tanika Gupta. 
264 1 |a London :  |b Oberon Books,  |c 2008. 
300 |a 123 pages ;  |c 21 cm. 
336 |a text  |b txt  |2 rdacontent 
337 |a unmediated  |b n  |2 rdamedia 
338 |a volume  |b nc  |2 rdacarrier 
490 1 |a Oberon modern plays 
500 |a "First performed at the Bolton Octagon on 1 May 2008"--page [6]. 
500 |a Three men, five women. 
830 0 |a Oberon modern plays. 
945 |a PromptCat 
948 |a cataloged  |b h  |c 2009/7/8  |d c  |e dmitchel  |f 3:20:10 pm 
994 |a C0  |b TXA 
999 |a MARS 
999 f f |s 184795f5-0308-352f-8d4a-1256a00538cf  |i b80d9f78-c960-388c-9a7b-c6f794082f91  |t 0 
952 f f |p normal  |a Texas A&M University  |b College Station  |c Sterling C. Evans Library  |d Evans: Library Stacks  |t 0  |e PR6057.U6 M44 2008  |h Library of Congress classification  |i unmediated -- volume  |m A14840111107 
998 f f |a PR6057.U6 M44 2008  |t 0  |l Evans: Library Stacks